[Event "IIFL Wealth  4th Mumbai Junior U-13"]
[Site "Mumbai"]
[Date "2019.01.02"]
[Round "4"]
[White "Pingale Shivraj"]
[Black "Sai Mahati A"]
[Result "1-0"]
[WhiteElo "1580"]
[BlackElo "1267"]
[Annotator "NA"]
[PlyCount "63"]
[EventDate "2018.12.30"]
[EventType "swiss"]
[EventCountry "IND"]
[SourceTitle "playchess.com"]
[Source "ChessBase"]
[SourceQuality "1"]
[TimeControl "40/5400+30:1800+30"]

1. e4 {[%emt 0:00:00]} e5 {[%emt 0:14:09]} 2. Nc3 {[%emt 0:00:00]} Nc6 {[%emt 0:00:45]} 3. f4 {[%emt 0:00:00]} d6 {[%emt 0:02:29]} 4. Nf3 {[%emt 0:00:00]} Bg4 {[%emt 0:01:27]} 5. Bb5 {[%emt 0:01:29]} Nge7 {[%emt 0:03:40]} 6. O-O {[%emt 0:00:38]} a6 {[%emt 0:01:28]} 7. Bc4 {[%emt 0:01:46]} Be6 {[%emt 0:08:56]} 8. Bxe6 {[%emt 0:01:22]} fxe6 {[%emt 0:00:08]} 9. fxe5 {[%emt 0:01:11]} dxe5 {[%emt 0:00:28]} 10. Ng5 {[%emt 0:00:46]} Qd7 {[%emt 0:03:07]} 11. Qh5+ {[%emt 0:11:11]} g6 {[%emt 0:07:25]} 12. Qf3 {[%emt 0:00:39]} Bh6 {[%emt 0:06:55]} 13. Qf7+ {[%emt 0:01:53]} Kd8 {[%emt 0:00:11]} 14. Nxe6+ {[%emt 0:00:10]} Kc8 {[%emt 0:00:11]} 15. d3 {[%emt 0:08:35]} Bxc1 {[%emt 0:04:04]} 16. Raxc1 {[%emt 0:01:43]} Nd4 {[%emt 0:08:19]} 17. Nxd4 {[%emt 0:04:39]} Qxd4+ {[%emt 0:00:14]} 18. Kh1 {[%emt 0:00:11]} Qd7 {[%emt 0:04:06]} 19. Qg7 {[%emt 0:01:39]} Re8 {[%emt 0:00:44]} 20. Rf7 {[%emt 0:00:41]} Qd6 {[%emt 0:01:26]} 21. Rcf1 {[%emt 0:02:33]} b6 {[%emt 0:00:48]} 22. Qf6 {[%emt 0:03:56]} h5 {[%emt 0:06:11]} 23. Qxd6 {[%emt 0:01:55]} cxd6 {[%emt 0:00:07]} 24. Kg1 {[%emt 0:02:20]} Kd8 {[%emt 0:04:01]} 25. R1f6 {[%emt 0:01:16]} Kd7 {[%emt 0:01:16]} 26. Nd5 {[%emt 0:00:22]} Rab8 {[%emt 0:00:31]} 27. Rxg6 {[%emt 0:00:36]} Kd8 {[%emt 0:02:17]} 28. Rxd6+ {[%emt 0:00:32]} Kc8 {[%emt 0:00:29]} 29. Rxe7 {[%emt 0:00:38]} Rxe7 {[%emt 0:00:11]} 30. Nxe7+ {[%emt 0:00:05]} Kc7 {[%emt 0:00:11]} 31. Rh6 {[%emt 0:00:17]} Kd7 {[%emt 0:00:35]} 32. Nd5 {[%emt 0:00:08]} 1-0

[Event "IIFL Wealth  4th Mumbai Junior U-13"]
[Site "Mumbai"]
[Date "2019.01.02"]
[Round "4"]
[White "Vedant Nitin vekhande"]
[Black "Vishal Shewale"]
[Result "0-1"]
[WhiteElo "1564"]
[BlackElo "1287"]
[Annotator "NA"]
[PlyCount "92"]
[EventDate "2018.12.30"]
[EventType "swiss"]
[EventCountry "IND"]
[SourceTitle "playchess.com"]
[Source "ChessBase"]
[SourceQuality "1"]
[TimeControl "40/5400+30:1800+30"]

1. e4 {[%emt 0:03:46]} c5 {[%emt 0:00:00]} 2. Nf3 {[%emt 0:00:05]} d6 {[%emt 0:00:00]} 3. d4 {[%emt 0:00:05]} cxd4 {[%emt 0:00:00]} 4. Nxd4 {[%emt 0:00:03]} Nf6 {[%emt 0:00:04]} 5. Nc3 {[%emt 0:00:07]} a6 {[%emt 0:00:08]} 6. Be2 {[%emt 0:00:06]} e5 {[%emt 0:00:08]} 7. Nb3 {[%emt 0:00:04]} Be6 {[%emt 0:00:13]} 8. O-O {[%emt 0:00:09]} Be7 {[%emt 0:01:50]} 9. Kh1 {[%emt 0:00:17]} Nbd7 {[%emt 0:02:33]} 10. f4 {[%emt 0:00:11]} exf4 {[%emt 0:00:11]} 11. Bxf4 {[%emt 0:00:07]} Ne5 {[%emt 0:00:08]} 12. Nd4 {[%emt 0:01:31]} Qc7 {[%emt 0:08:16]} 13. Bxe5 {[%emt 0:00:52]} dxe5 {[%emt 0:00:09]} 14. Nxe6 {[%emt 0:00:06]} fxe6 {[%emt 0:00:09]} 15. a3 {[%emt 0:06:14]} O-O {[%emt 0:03:55]} 16. Qd3 {[%emt 0:05:55]} Rac8 {[%emt 0:14:52]} 17. Rad1 {[%emt 0:00:54]} Bc5 {[%emt 0:00:12]} 18. Qh3 {[%emt 0:00:53]} Qc6 {[%emt 0:07:02]} 19. Bc4 {[%emt 0:01:12]} Rce8 {[%emt 0:01:16]} 20. Be2 {[%emt 0:07:38]} Bd4 {[%emt 0:05:42]} 21. Rd3 {[%emt 0:04:54]} Re7 {[%emt 0:02:54]} 22. Rdf3 {[%emt 0:04:09]} Bxc3 {[%emt 0:09:16]} 23. Rxc3 {[%emt 0:08:48]} Qxe4 {[%emt 0:00:13]} 24. Bd3 {[%emt 0:00:08]} Qd4 {[%emt 0:00:19]} 25. Rb3 {[%emt 0:03:08]} Ne4 {[%emt 0:02:52]} 26. Rxf8+ {[%emt 0:00:49]} Kxf8 {[%emt 0:00:07]} 27. Qf3+ {[%emt 0:01:34]} Rf7 {[%emt 0:00:07]} 28. Bxe4 {[%emt 0:00:42]} Rxf3 {[%emt 0:00:13]} 29. gxf3 {[%emt 0:00:10]} Qf2 {[%emt 0:00:30]} 30. h3 {[%emt 0:00:13]} h5 {[%emt 0:05:04]} 31. Rxb7 {[%emt 0:00:36]} h4 {[%emt 0:00:31]} 32. Rb8+ {[%emt 0:06:59]} Kf7 {[%emt 0:00:27]} 33. Rb3 {[%emt 0:03:35]} Qg3 {[%emt 0:02:32]} 34. Bb7 {[%emt 0:00:14]} Qxh3+ {[%emt 0:00:11]} 35. Kg1 {[%emt 0:00:06]} Qg3+ {[%emt 0:00:12]} 36. Kh1 {[%emt 0:00:04]} Kg6 {[%emt 0:02:29]} 37. f4 {[%emt 0:00:51]} Qe1+ {[%emt 0:01:17]} 38. Kg2 {[%emt 0:00:51]} Qe2+ {[%emt 0:01:08]} 39. Kh3 {[%emt 0:00:11]} exf4 {[%emt 0:00:32]} 40. Bf3 {[%emt 0:00:00]} Qf2 {[%emt 0:00:00]} 41. Be4+ {[%emt 0:05:50]} Kg5 {[%emt 0:00:43]} 42. Rf3 {[%emt 0:00:34]} Qg1 {[%emt 0:00:07]} 43. Rc3 {[%emt 0:00:38]} f3 {[%emt 0:00:33]} 44. Rc5+ {[%emt 0:00:42]} Qxc5 {[%emt 0:00:08]} 45. Bxf3 {[%emt 0:00:04]} Qf2 {[%emt 0:00:06]} 46. Bg2 {[%emt 0:00:06]} Qg3# {[%emt 0:00:05]} 0-1

[Event "IIFL Wealth  4th Mumbai Junior U-13"]
[Site "Mumbai"]
[Date "2019.01.02"]
[Round "4"]
[White "Bharadia Yash"]
[Black "Sneha Halder"]
[Result "1-0"]
[WhiteElo "1559"]
[BlackElo "1282"]
[Annotator "NA"]
[PlyCount "131"]
[EventDate "2018.12.30"]
[EventType "swiss"]
[EventCountry "IND"]
[SourceTitle "playchess.com"]
[Source "ChessBase"]
[SourceQuality "1"]
[TimeControl "40/5400+30:1800+30"]

1. e4 {[%emt 0:00:00]} c6 {[%emt 0:00:00]} 2. d4 {[%emt 0:00:00]} d5 {[%emt 0:00:36]} 3. exd5 {[%emt 0:00:00]} cxd5 {[%emt 0:00:09]} 4. Bd3 {[%emt 0:00:00]} e6 {[%emt 0:00:14]} 5. c3 {[%emt 0:00:50]} Nf6 {[%emt 0:01:09]} 6. Bf4 {[%emt 0:00:47]} Bd6 {[%emt 0:00:35]} 7. Bxd6 {[%emt 0:00:27]} Qxd6 {[%emt 0:00:09]} 8. Nf3 {[%emt 0:00:11]} Nc6 {[%emt 0:01:41]} 9. O-O {[%emt 0:01:08]} O-O {[%emt 0:00:34]} 10. Re1 {[%emt 0:00:32]} Nd7 {[%emt 0:01:42]} 11. Qc2 {[%emt 0:01:48]} g6 {[%emt 0:00:32]} 12. Nbd2 {[%emt 0:07:16]} Nb6 {[%emt 0:00:43]} 13. Ne5 {[%emt 0:01:46]} Nxe5 {[%emt 0:00:47]} 14. dxe5 {[%emt 0:00:11]} Qe7 {[%emt 0:01:56]} 15. Nf3 {[%emt 0:00:28]} Bd7 {[%emt 0:00:42]} 16. Qd2 {[%emt 0:06:16]} Kg7 {[%emt 0:01:40]} 17. Nd4 {[%emt 0:01:40]} Na4 {[%emt 0:01:03]} 18. f4 {[%emt 0:00:24]} Nc5 {[%emt 0:00:11]} 19. Re3 {[%emt 0:00:54]} Nxd3 {[%emt 0:00:27]} 20. Rxd3 {[%emt 0:00:57]} Rh8 {[%emt 0:01:04]} 21. Rh3 {[%emt 0:01:09]} h6 {[%emt 0:00:48]} 22. Kh1 {[%emt 0:07:35]} Rac8 {[%emt 0:00:48]} 23. g4 {[%emt 0:05:56]} g5 {[%emt 0:18:33]} 24. Rh5 {[%emt 0:07:53]} Kg6 {[%emt 0:01:06]} 25. Qd3+ {[%emt 0:15:42]} Kg7 {[%emt 0:00:24]} 26. Qe3 {[%emt 0:02:37]} Kg6 {[%emt 0:00:37]} 27. Nf3 {[%emt 0:01:24]} gxf4 {[%emt 0:08:03]} 28. Qxf4 {[%emt 0:01:45]} Rc4 {[%emt 0:01:08]} 29. Nd4 {[%emt 0:01:14]} Kg7 {[%emt 0:01:06]} 30. Rf1 {[%emt 0:02:13]} b5 {[%emt 0:00:52]} 31. Qe3 {[%emt 0:03:31]} Rcc8 {[%emt 0:04:05]} 32. Rf6 {[%emt 0:02:03]} Rh7 {[%emt 0:01:04]} 33. Rhxh6 {[%emt 0:14:00]} Rch8 {[%emt 0:00:55]} 34. Rxh7+ {[%emt 0:03:50]} Rxh7 {[%emt 0:00:16]} 35. Nf3 {[%emt 0:00:31]} Bc6 {[%emt 0:00:36]} 36. Qd4 {[%emt 0:00:57]} Kg8 {[%emt 0:00:51]} 37. Kg2 {[%emt 0:02:51]} Qf8 {[%emt 0:04:53]} 38. Qxa7 {[%emt 0:01:57]} d4 {[%emt 0:00:42]} 39. Qxd4 {[%emt 0:00:11]} Bxf3+ {[%emt 0:00:14]} 40. Rxf3 {[%emt 0:00:00]} Qa8 {[%emt 0:00:00]} 41. Qd3 {[%emt 0:04:10]} Qxa2 {[%emt 0:04:42]} 42. Qxb5 {[%emt 0:00:12]} Rg7 {[%emt 0:00:51]} 43. h3 {[%emt 0:01:26]} Qb1 {[%emt 0:00:30]} 44. Qe2 {[%emt 0:00:43]} Qa2 {[%emt 0:01:20]} 45. Rd3 {[%emt 0:04:33]} Qa8+ {[%emt 0:00:17]} 46. Kh2 {[%emt 0:00:37]} Qa4 {[%emt 0:00:43]} 47. Rd8+ {[%emt 0:03:04]} Kh7 {[%emt 0:00:08]} 48. Rd4 {[%emt 0:03:28]} Qa2 {[%emt 0:00:23]} 49. Qc2+ {[%emt 0:01:06]} Rg6 {[%emt 0:00:20]} 50. Rd7 {[%emt 0:00:48]} Kg8 {[%emt 0:00:37]} 51. Qf2 {[%emt 0:01:19]} Rg7 {[%emt 0:00:09]} 52. Rd8+ {[%emt 0:00:29]} Kh7 {[%emt 0:00:09]} 53. Rf8 {[%emt 0:02:12]} Qd5 {[%emt 0:01:15]} 54. Qc2+ {[%emt 0:01:21]} Rg6 {[%emt 0:01:42]} 55. Rxf7+ {[%emt 0:00:57]} Kh8 {[%emt 0:00:06]} 56. Rf8+ {[%emt 0:04:45]} Kg7 {[%emt 0:00:41]} 57. Rg8+ {[%emt 0:00:23]} Kxg8 {[%emt 0:00:09]} 58. Qxg6+ {[%emt 0:00:03]} Kf8 {[%emt 0:00:12]} 59. Qf6+ {[%emt 0:00:08]} Kg8 {[%emt 0:00:13]} 60. Kg3 {[%emt 0:00:50]} Qd3+ {[%emt 0:01:18]} 61. Kh4 {[%emt 0:00:25]} Qh7+ {[%emt 0:02:05]} 62. Kg5 {[%emt 0:00:25]} Qxh3 {[%emt 0:00:18]} 63. Qxe6+ {[%emt 0:00:10]} Kg7 {[%emt 0:01:12]} 64. Qg6+ {[%emt 0:00:06]} Kf8 {[%emt 0:01:34]} 65. Qh6+ {[%emt 0:00:01]} Qxh6+ {[%emt 0:00:12]} 66. Kxh6 1-0

[Event "IIFL Wealth  4th Mumbai Junior U-13"]
[Site "Mumbai"]
[Date "2019.01.02"]
[Round "4"]
[White "Rajbeer Ahmed"]
[Black "Manish, Kumar"]
[Result "0-1"]
[WhiteElo "1550"]
[BlackElo "2132"]
[Annotator "TA"]
[PlyCount "128"]
[EventDate "2018.12.30"]
[EventType "swiss"]
[EventCountry "IND"]
[SourceTitle "playchess.com"]
[Source "ChessBase"]
[SourceQuality "1"]

{[%evp 24,127,44,29,64,2,8,-26,-24,-19,0,0,0,-33,52,32,59,0,0,0,37,12,8,18,17,-860,-856,-840,-845,-843,-857,-809,-762,-1303,-922,-870,-618,-618,-601,-564,-595,-617,-588,-499,-306,-292,-292,-297,-213,-191,-135,-244,-138,-144,-127,-133,-122,-260,-245,-294,-266,-530,-472,-492,-127,-1615,-1415,-1277,-584,-2514,-959,-5612,-29980,-29977,-29978,-29985,-29985,-29986,-29987,-29987,-29988,-29988,-29989,-29989,-29990,-29991,-29992,-29992,-29993,-29993,-29994,-29994,-29993,-29995,-29996,-29996,-29997,-29997,-29996,-29996,-29997,-29997,-29998,-29998,-29999,-29999]} 1. d4 Nf6 2. Nf3 g6 3. g3 Bg7 4. c4 O-O 5. Bg2 d6 6. Nc3 Nc6 7. O-O Bg4 8. h3 Bxf3 9. Bxf3 Nd7 10. e3 e5 11. d5 Ne7 12. e4 f5 13. Bg5 {LiveBook: 4 Games} Bf6 {E62: King's Indian: Fianchetto: 6...c6 and Panno Variation (6...Nc6) without ...a6} 14. Bxf6 (14. Bd2 $14) 14... Nxf6 $11 15. b4 $146 ({Predecessor:} 15. Qd2 f4 16. gxf4 exf4 17. Ne2 g5 18. Nd4 Ng6 19. Bg2 Ne5 20. Ne6 Qe7 21. f3 Nxc4 {0-1 (68) Gaburici,G (2210)-Ardeleanu,A (2425) Romania 1994}) 15... Qd7 {Black has an edge.} 16. Kh2 Rf7 17. Qe2 Raf8 18. a4 f4 (18... h5 $15) 19. c5 g5 20. cxd6 (20. gxf4 $1 $14 gxf4 21. Rg1+ Rg7 22. a5) 20... cxd6 21. gxf4 exf4 22. e5 dxe5 23. Qxe5 Nf5 24. Bg4 $2 {[%mdl 8192]} (24. Ne4 $11 Nxe4 25. Qxe4) 24... Nxg4+ $19 25. hxg4 Re7 26. Qxf5 Rxf5 27. gxf5 Qxf5 {And now ...Qg4 would win.} 28. d6 Rd7 29. Rad1 f3 30. Nd5 Qe5+ 31. Kg1 Qe6 {( -> ...Qg4+)} 32. Kh2 Qxd6+ 33. Kg1 Qxd5 34. Rxd5 Rxd5 {[%mdl 4096] Endgame KR-KR} 35. Rc1 Rd7 36. Rc5 h6 {[%cal Bh7h6,Bh6h5,Bh5h4,Bh4g3][%mdl 32]} 37. Kh2 {[#]} (37. a5 $17) 37... Kg7 (37... Rd4 $1 $19 38. Rb5 b6) 38. Kg3 Rf7 39. Rd5 Kg6 40. b5 {[#]} (40. Rd6+ $17 Rf6 41. Rd7) 40... h5 $1 41. Rd6+ Rf6 42. Rd7 $2 (42. Rd4) 42... h4+ 43. Kh3 Kf5 $2 (43... Kh5 $19 {is more deadly.} 44. Rh7+ Kg6 45. Rxb7 Kf5) 44. Rxb7 $2 {[%mdl 8192]} (44. Rd5+ $17 Kg6 45. Rd7) 44... g4+ 45. Kh2 Kf4 (45... Rd6 $142 46. Rf7+ Kg6) 46. a5 g3+ (46... Rf5 $142 47. Kg1 g3) 47. fxg3+ hxg3+ 48. Kg1 {Black mates.} Rf5 49. b6 axb6 50. axb6 Rb5 {[%cal Rb5b1]} 51. Rf7+ Ke3 {[%cal Rb5b1]} 52. Re7+ Kd4 53. Rd7+ Ke5 54. Rd1 Rxb6 55. Ra1 Kf4 56. Ra4+ Kg5 {[%cal Rb6b1]} 57. Ra1 Kh4 58. Ra4+ Kh3 {[%cal Rb6b1]} 59. Ra1 Rb2 60. Rf1 Rg2+ 61. Kh1 f2 62. Rxf2 Rxf2 {[%cal Rf2f1]} 63. Kg1 Rf3 64. Kh1 Rf1# {Precision: White = 18%, Black = 54%.} 0-1

[Event "IIFL Wealth  4th Mumbai Junior U-13"]
[Site "Mumbai"]
[Date "2019.01.02"]
[Round "4"]
[White "Nehete Arnav"]
[Black "Ghadge Harsh"]
[Result "0-1"]
[WhiteElo "1544"]
[BlackElo "1265"]
[Annotator "NA RC"]
[PlyCount "78"]
[EventDate "2018.12.30"]
[EventType "swiss"]
[EventCountry "IND"]
[SourceTitle "playchess.com"]
[Source "ChessBase"]
[SourceQuality "1"]
[TimeControl "40/5400+30:1800+30"]

1. d4 {[%emt 0:00:25]} Nf6 {[%emt 0:02:40]} 2. Nf3 e6 {[%emt 0:01:38]} 3. e3 {[%emt 0:02:04]} d5 {[%emt 0:00:32]} 4. Bd3 {[%emt 0:00:05]} c5 {[%emt 0:00:17]} 5. c3 {[%emt 0:00:10]} Bd6 {[%emt 0:01:22]} 6. Nbd2 {[%emt 0:00:08]} Nc6 {[%emt 0:00:35]} 7. O-O {[%emt 0:00:23]} O-O {[%emt 0:00:22]} 8. Re1 {[%emt 0:01:21]} e5 {[%emt 0:05:00]} 9. e4 {[%emt 0:11:04]} dxe4 {[%emt 0:01:39]} 10. Nxe4 {[%emt 0:02:40]} Nxe4 {[%emt 0:05:00]} 11. Rxe4 {[%emt 0:01:06]} f5 {[%emt 0:02:16]} 12. Bc4+ {[%emt 0:00:40]} Kh8 {[%emt 0:00:09]} 13. Re1 {[%emt 0:14:42]} exd4 {[%emt 0:02:36]} 14. Ng5 {[%emt 0:05:57]} Qc7 {[%emt 0:09:50]} 15. Nxh7 {[%emt 0:05:47]} g6 {[%emt 0:02:15]} 16. Ng5 {[%emt 0:02:32]} Kg7 {[%emt 0:06:37]} 17. h3 {[%emt 0:01:48]} Bd7 {[%emt 0:04:20]} 18. Qd2 {[%emt 0:02:58]} f4 {[%emt 0:07:54]} 19. Nf3 {[%emt 0:28:31]} Rac8 {[%emt 0:05:20]} 20. cxd4 {[%emt 0:02:02]} cxd4 {[%emt 0:01:32]} 21. a3 {[%emt 0:01:43]} Rf6 {[%emt 0:01:41]} 22. Bb5 {[%emt 0:05:13]} Bc5 {[%emt 0:02:12]} 23. b4 {[%emt 0:02:38]} Bb6 {[%emt 0:01:58]} 24. Bb2 {[%emt 0:00:44]} Rd8 {[%emt 0:05:15]} 25. Bxc6 {[%emt 0:03:41]} Bxc6 {[%emt 0:02:30]} 26. Nxd4 {[%emt 0:00:10]} Kf7 {[%emt 0:01:11]} 27. Rad1 {[%emt 0:04:14]} Rfd6 {[%emt 0:01:01]} 28. Qxf4+ {[%emt 0:00:05]} Kg8 {[%emt 0:00:32]} 29. Qg4 {[%emt 0:00:53]} Qd7 {[%emt 0:02:01]} 30. Nxc6 {[%emt 0:00:36]} Qxg4 {[%emt 0:01:22]} 31. Ne7+ {[%emt 0:00:25]} Kf7 {[%emt 0:00:36]} 32. Rxd6 {[%emt 0:00:27]} Bxf2+ {[%emt 0:00:52]} 33. Kxf2 {[%emt 0:00:45]} Qf4+ {[%emt 0:00:05]} 34. Kg1 {[%emt 0:00:25]} Qxd6 {[%emt 0:00:03]} 35. g4 {[%emt 0:00:33]} Qb6+ {[%emt 0:00:32]} 36. Kf1 {[%emt 0:00:29]} Qc7 {[%emt 0:00:36]} 37. g5 {[%emt 0:00:23]} Qf4+ {[%emt 0:00:05]} 38. Kg1 {[%emt 0:00:31]} Qg3+ {[%emt 0:00:06]} 39. Kf1 {[%emt 0:00:07]} Rd2 {[%emt 0:00:16]} 0-1

[Event "IIFL Wealth  4th Mumbai Junior U-13"]
[Site "Mumbai"]
[Date "2019.01.02"]
[Round "4"]
[White "Rushyendra Chowdary Kantipudi"]
[Black "Darsh Shetty"]
[Result "1-0"]
[WhiteElo "1527"]
[BlackElo "1260"]
[Annotator "NA"]
[PlyCount "105"]
[EventDate "2018.12.30"]
[EventType "swiss"]
[EventCountry "IND"]
[SourceTitle "playchess.com"]
[Source "ChessBase"]
[SourceQuality "1"]
[TimeControl "40/5400+30:1800+30"]

1. e4 {[%emt 0:01:04]} c5 {[%emt 0:00:00]} 2. Nf3 {[%emt 0:03:08]} g6 {[%emt 0:00:00]} 3. Bc4 {[%emt 0:05:55]} Bg7 {[%emt 0:01:30]} 4. d3 {[%emt 0:00:50]} Nc6 {[%emt 0:00:15]} 5. Nc3 {[%emt 0:00:12]} e6 {[%emt 0:00:17]} 6. Nb5 {[%emt 0:01:22]} d6 {[%emt 0:01:30]} 7. Bf4 {[%emt 0:04:38]} e5 {[%emt 0:00:48]} 8. Bg3 {[%emt 0:01:13]} Nge7 {[%emt 0:00:56]} 9. Ng5 {[%emt 0:02:46]} O-O {[%emt 0:01:40]} 10. Qf3 {[%emt 0:03:33]} Nf5 {[%emt 0:04:19]} 11. Nxf7 {[%emt 0:13:18]} Rxf7 {[%emt 0:00:52]} 12. Bxf7+ {[%emt 0:00:07]} Kxf7 {[%emt 0:00:03]} 13. exf5 {[%emt 0:00:30]} Bxf5 {[%emt 0:00:55]} 14. O-O {[%emt 0:00:06]} a6 {[%emt 0:00:53]} 15. Qd5+ {[%emt 0:00:28]} Be6 {[%emt 0:00:42]} 16. Nxd6+ {[%emt 0:00:12]} Ke7 {[%emt 0:00:15]} 17. Bh4+ {[%emt 0:00:05]} Bf6 {[%emt 0:01:03]} 18. Bxf6+ {[%emt 0:00:05]} Kxf6 {[%emt 0:00:55]} 19. Ne4+ {[%emt 0:00:17]} Kf7 {[%emt 0:00:31]} 20. Qxd8 {[%emt 0:00:32]} Rxd8 {[%emt 0:00:24]} 21. Nxc5 {[%emt 0:00:53]} Bc8 {[%emt 0:01:21]} 22. Nb3 {[%emt 0:00:42]} b5 {[%emt 0:01:23]} 23. a3 {[%emt 0:00:05]} Bb7 {[%emt 0:00:23]} 24. f4 {[%emt 0:00:24]} exf4 {[%emt 0:00:46]} 25. Rxf4+ {[%emt 0:00:03]} Kg7 {[%emt 0:00:49]} 26. Raf1 {[%emt 0:00:19]} Rd7 {[%emt 0:00:20]} 27. Nc5 {[%emt 0:00:07]} Re7 {[%emt 0:00:21]} 28. Nxb7 {[%emt 0:00:26]} Rxb7 {[%emt 0:00:03]} 29. Rf6 {[%emt 0:00:23]} Rc7 {[%emt 0:00:20]} 30. Rd6 {[%emt 0:00:24]} Ne5 {[%emt 0:00:37]} 31. c3 {[%emt 0:01:46]} a5 {[%emt 0:00:40]} 32. Rd5 {[%emt 0:00:05]} Re7 {[%emt 0:00:13]} 33. Rf4 {[%emt 0:02:56]} Nf7 {[%emt 0:01:16]} 34. Rxb5 {[%emt 0:00:25]} h5 {[%emt 0:00:09]} 35. Rxa5 {[%emt 0:02:39]} Ne5 {[%emt 0:00:09]} 36. Re4 {[%emt 0:00:07]} Nc6 {[%emt 0:00:25]} 37. Rxe7+ {[%emt 0:00:06]} Nxe7 {[%emt 0:00:28]} 38. Ra7 {[%emt 0:00:14]} Kf6 {[%emt 0:00:05]} 39. Rxe7 {[%emt 0:00:04]} Kxe7 {[%emt 0:00:22]} 40. b4 {[%emt 0:00:00]} Kd6 {[%emt 0:00:00]} 41. a4 {[%emt 0:00:10]} Kc6 {[%emt 0:00:48]} 42. c4 {[%emt 0:00:06]} Kb6 {[%emt 0:00:10]} 43. a5+ {[%emt 0:00:07]} Ka6 {[%emt 0:00:19]} 44. d4 {[%emt 0:00:04]} Kb7 {[%emt 0:00:11]} 45. b5 {[%emt 0:00:05]} Kc7 {[%emt 0:00:11]} 46. c5 {[%emt 0:00:10]} Kb7 {[%emt 0:00:07]} 47. a6+ {[%emt 0:00:05]} Ka7 {[%emt 0:00:17]} 48. d5 {[%emt 0:00:06]} Kb8 {[%emt 0:00:17]} 49. b6 {[%emt 0:00:05]} h4 {[%emt 0:00:30]} 50. c6 {[%emt 0:00:05]} h3 {[%emt 0:00:10]} 51. a7+ {[%emt 0:00:04]} Ka8 {[%emt 0:00:13]} 52. d6 {[%emt 0:00:06]} hxg2 {[%emt 0:00:12]} 53. d7 {[%emt 0:00:05]} 1-0

[Event "IIFL Wealth  4th Mumbai Junior U-13"]
[Site "Mumbai"]
[Date "2019.01.02"]
[Round "4"]
[White "Dhanvij Ansh"]
[Black "Manish Anto Cristiano F"]
[Result "1/2-1/2"]
[WhiteElo "1523"]
[BlackElo "2065"]
[Annotator "NA RC"]
[PlyCount "91"]
[EventDate "2018.12.30"]
[EventType "swiss"]
[EventCountry "IND"]
[SourceTitle "playchess.com"]
[Source "ChessBase"]
[SourceQuality "1"]
[TimeControl "40/5400+30:1800+30"]

1. d4 {[%emt 0:10:37]} d5 {[%emt 0:00:00]} 2. c4 {[%emt 0:00:44]} c6 {[%emt 0:00:13]} 3. cxd5 {[%emt 0:00:27]} cxd5 {[%emt 0:00:23]} 4. Nc3 {[%emt 0:00:21]} Nc6 {[%emt 0:00:54]} 5. Bf4 {[%emt 0:00:07]} Nf6 {[%emt 0:00:18]} 6. e3 {[%emt 0:00:15]} e6 {[%emt 0:00:47]} 7. Nf3 {[%emt 0:00:18]} Bd6 {[%emt 0:01:08]} 8. Bxd6 {[%emt 0:00:46]} Qxd6 {[%emt 0:01:18]} 9. Bd3 {[%emt 0:00:07]} a6 {[%emt 0:00:41] D13: Slav Defence: Exchange variation without ...Bf5} (9... O-O 10. O-O Bd7 11. Rc1 Rac8 12. a3 Rfd8 13. b4 Be8 14. Qb3 Ne7 15. Ne5 Rc7 16. Na4 Rdc8 17. Rxc7 Qxc7 18. b5 Qa5 19. Qb4 Qxb4 20. axb4 b6 {0-1 (51) Paravyan,D (2629)-Dreev,A (2649) Moscow 2018}) 10. a4 {[%emt 0:00:42]} O-O {[%emt 0:01:26]} 11. O-O {[%emt 0:00:36]} b6 {[%emt 0:04:03]} 12. Rc1 $146 {[%emt 0:02:22]} ({Predecessor:} 12. Qe2 Nb4 13. Rfc1 Bd7 14. Ne5 Rfc8 15. Nxd7 Qxd7 16. b3 Nxd3 17. Qxd3 Qd6 18. f3 Ne8 {½-½ (32) Al Khateeb,T (1963)-Al Awadhi,W (1954) Kuwait 2013}) 12... Bb7 {[%emt 0:00:23]} 13. Qe2 {[%emt 0:00:05]} Rfc8 {[%emt 0:05:59]} 14. Rfd1 {[%emt 0:02:55]} h6 {[%emt 0:01:00]} 15. Bb1 {[%emt 0:04:32]} Nd7 {[%emt 0:04:51]} 16. e4 {[%emt 0:03:13]} dxe4 {[%emt 0:00:19]} 17. Nxe4 {[%emt 0:00:22]} Qe7 {[%emt 0:01:44]} 18. Ng3 {[%emt 0:06:59]} Nb4 {[%emt 0:01:42]} 19. Nf5 {[%emt 0:04:10]} Qf6 {[%emt 0:05:43]} 20. Nd6 {[%emt 0:00:48]} Rxc1 {[%emt 0:03:49]} 21. Rxc1 {[%emt 0:00:11]} Qf4 {[%emt 0:01:31]} 22. Rc7 {[%emt 0:00:34]} Qxd6 {[%emt 0:11:16]} 23. Rxb7 {[%emt 0:00:44]} Rc8 {[%emt 0:02:44]} 24. Qe1 {[%emt 0:05:55]} Nf8 {[%emt 0:04:49]} (24... a5 $15) 25. Kf1 {[%emt 0:09:00]} Qf4 {[%emt 0:02:38]} 26. Qd2 {[%emt 0:07:04]} Rc1+ {[%emt 0:03:47]} 27. Ke2 {[%emt 0:00:16]} Nd5 {[%emt 0:00:13]} 28. Bd3 {[%emt 0:02:32]} Ra1 {[%emt 0:00:15]} 29. Qxf4 {[%emt 0:01:58]} Nxf4+ {[%emt 0:01:43]} 30. Kd2 {[%emt 0:00:07]} Nxg2 {[%emt 0:08:49]} 31. Bxa6 {[%emt 0:01:29]} Rxa4 {[%emt 0:00:28]} 32. Rxb6 {[%emt 0:00:13]} Nd7 {[%emt 0:00:13]} 33. Rd6 {[%emt 0:00:19]} Nf6 {[%emt 0:00:16]} 34. Rd8+ {[%emt 0:00:47]} Kh7 {[%emt 0:00:11]} 35. Bd3+ {[%emt 0:00:12]} g6 {[%emt 0:00:14]} 36. Rb8 {[%emt 0:01:36]} Ng4 {[%emt 0:04:32]} 37. Rb7 {[%emt 0:02:18]} Kg8 {[%emt 0:00:18]} 38. Kc3 {[%emt 0:03:24]} Nxf2 {[%emt 0:01:25]} 39. Bc2 {[%emt 0:00:20]} Ra8 {[%emt 0:00:42]} 40. Ne5 {[%emt 0:00:00]} Rf8 {[%emt 0:00:00]} 41. b4 {[%emt 0:03:37]} Nf4 {[%emt 0:03:22]} 42. b5 {[%emt 0:04:15]} Nd5+ {[%emt 0:00:50]} 43. Kb2 {[%emt 0:00:39]} g5 {[%emt 0:00:49]} 44. Bb3 {[%emt 0:02:55]} Ne4 {[%emt 0:08:10]} 45. Bxd5 $1 exd5 $18 46. Rd7 $2 (46. b6 $18) 1/2-1/2